Principles of International Investment Law
Saved in:
| Main Author: | |
|---|---|
| Other Authors: | |
| Format: | Book |
| Language: | English |
| Published: |
New York
Oxford University Press
2012
|
| Edition: | 2nd Edition |
| Subjects: | |
| Tags: |
No Tags, Be the first to tag this record!
|
MARC
| LEADER | 00000nam a2200000 4500 | ||
|---|---|---|---|
| 001 | 0256261 | ||
| 005 | 20230109114820.4 | ||
| 020 | |a 978-0-19-965180-1 | ||
| 041 | 0 | |a eng | |
| 044 | |a US | ||
| 245 | 1 | 0 | |a Principles of International Investment Law |c Rudolf Dolzer and Christoph Schreuer |
| 250 | |a 2nd Edition | ||
| 264 | 1 | |a New York |b Oxford University Press |c 2012 | |
| 300 | |a 417 s. | ||
| 610 | 2 | 0 | |a právo medzinárodné |
| 610 | 2 | 0 | |a investície |
| 610 | 2 | 0 | |a vývoj |
| 610 | 2 | 0 | |a dohody medzinárodné |
| 610 | 2 | 0 | |a investori |
| 610 | 2 | 0 | |a zmluvy |
| 610 | 2 | 0 | |a vyvlastnenie |
| 610 | 2 | 0 | |a konflikty |
| 610 | 2 | 0 | |a štát |
| 610 | 2 | 0 | |a zodpovednosť |
| 610 | 2 | 0 | |a riziko poistné |
| 610 | 2 | 0 | |a spory súdne |
| 100 | 1 | |a Dolzer, Rudolf | |
| 700 | 1 | |a Schreuer, Christoph | |